| 000 | 01311cam a22003737a 4500 | ||
|---|---|---|---|
| 003 | CHAP | ||
| 005 | 20220329141455.0 | ||
| 008 | 971013s1987 mx r 00010 spa d | ||
| 010 | _a68734 | ||
| 011 | _a69706 | ||
| 035 | _a79183 | ||
| 040 | _cCHAP | ||
| 090 | _aFolleto 4655 | ||
| 110 | 0 |
_aMéxico. Secretaría de Agricultura y Recursos Hidráulicos. Dirección General de Estudios, Información y Estadística Sectorial _977129 |
|
| 245 | 1 | 0 | _aAgenda de información estadística agropecuaria y forestal |
| 260 |
_aMéxico, D. F. : _bLa Secretaría, _c1987-19 |
||
| 300 | _av. | ||
| 500 | _ac.c. Agenda estadística agropecuaria | ||
| 500 | _ac.d. Información agropecuaria | ||
| 500 | _aLa biblioteca tiene: 1984 | ||
| 590 |
_aBATCH-UPD _b10 _c20130110 _lUCH01 _h1145 |
||
| 590 |
_aBATCH-UPD _b10 _c20130410 _lUCH01 _h0730 |
||
| 590 |
_aBATCH-UPD _b10 _c20130914 _lUCH01 _h0043 |
||
| 590 |
_aCONVERSION _b10 _c20130109 _lUCH01 _h1338 |
||
| 650 | 1 | 4 |
_aAgricultura _xEstadisticas. _91417 |
| 650 | 1 | 4 |
_aAgricultura _zMéxico. _91932 |
| 650 | 1 | 4 |
_aBosques _xEstadísticas. _914136 |
| 650 | 1 | 4 |
_aBosques _xMéxico. _914341 |
| 650 | 1 | 4 |
_aGanadería _xEstadísticas. _944694 |
| 650 | 1 | 4 |
_aGanadería _zMéxico. _944867 |
| 901 | _aBK | ||
| 942 | _cFOLL | ||
| 949 |
_aFolleto 4655 _bBC _cFOLL _d-32066 _eTS1 _i79183 _si |
||
| 999 |
_c68734 _d68734 |
||